000 00411nam a2200157Ia 4500
008 231217s9999 xx 000 0 und d
041 _aEnglish
082 _a001.6424C BAR;1 ' R'
100 _aBarr, Michael
245 0 _aProgramming embedded systems in C and C++
250 _a1st ed.
260 _c1999
_bShroff publishers & Distributors
300 _axvii+174
650 _aC and C++
942 _cAA
999 _c167627
_d167627